Snakes of Southern Africa.

Bibliographic Details
Main Author: FitzSimons, Vivian F. M. (Vivian Frederick M.), 1901-1975
Format: Book
Language:English
Published: London : Macdonald, [1962]
Subjects:

MARC

Tag First Indicator Second Indicator Subfields
LEADER 00000cam a2200000 4500
001 in00000043376
005 20151007072809.0
008 740410s1962 enka 00110 eng
010 |a  74160747  
035 |a (OCoLC)00886692 
035 |9 AAE8576AM 
040 |a DLC  |c DLC  |d TXA  |d UtOrBLW 
043 |a fs----- 
049 |a TXAM  |c [350191] 
050 0 0 |a QL666.O6  |b F57 1962 
082 0 |a 598.1/2/0968 
092 |a 598.12  |b F5625s, 1962 
100 1 |a FitzSimons, Vivian F. M.  |q (Vivian Frederick M.),  |d 1901-1975. 
245 1 0 |a Snakes of Southern Africa. 
264 1 |a London :  |b Macdonald,  |c [1962] 
300 |a 423 pages :  |b illustrations 
336 |a text  |b txt  |2 rdacontent 
337 |a unmediated  |b n  |2 rdamedia 
338 |a volume  |b nc  |2 rdacarrier 
650 0 |a Snakes  |z South Africa. 
999 |a MARS 
999 f f |s e5fb5ccb-3ef0-33ad-a351-08fa9d2e5777  |i 363954d0-cd98-31bf-8dd7-872fe85dc7ad  |t 0 
952 f f |p normal  |a Texas A&M University  |b College Station  |c Sterling C. Evans Library  |d Evans: Library Stacks  |t 0  |e QL666.O6 F57 1962  |h Library of Congress classification  |i unmediated -- volume  |m A14801019952 
998 f f |a QL666.O6 F57 1962  |t 0  |l Evans: Library Stacks